U.S.A. in Statehood Order - Statistics

General Stats
  • This quiz has been taken 475 times
  • The average score is 28 of 50
Answer Stats
Year State % Correct
1787 Delaware
95%
Pennsylvania
86%
1959 Alaska
76%
New Jersey
76%
Hawaii
75%
Connecticut
69%
1788 Georgia
68%
Maryland
67%
Massachusetts
67%
New York
67%
Virginia
65%
New Hampshire
64%
1789 North Carolina
64%
1803 Ohio
64%
South Carolina
64%
1791 Vermont
63%
1790 Rhode Island
62%
Arizona
59%
1792 Kentucky
58%
1796 Tennessee
57%
1912 New Mexico
56%
1816 Indiana
55%
1850 California
53%
1820 Maine
53%
1863 West Virginia
52%
1812 Louisiana
51%
1817 Mississippi
51%
1819 Alabama
50%
1818 Illinois
50%
1907 Oklahoma
50%
1837 Michigan
49%
Texas
49%
1821 Missouri
48%
1896 Utah
48%
1859 Oregon
47%
1845 Florida
45%
1861 Kansas
44%
1836 Arkansas
43%
1846 Iowa
43%
1864 Nevada
43%
1876 Colorado
42%
1890 Idaho
42%
Montana
42%
Washington
42%
Wyoming
42%
South Dakota
41%
1848 Wisconsin
41%
1858 Minnesota
40%
1889 North Dakota
40%
1867 Nebraska
39%
No matching quizzes found
Score Distribution
Percent of People with Each Score
Percentile by Number Answered
Your Score History
You have not taken this quiz